Counties That Voted For Biden and Trump The Most - Statistics

General Stats
  • This quiz has been taken 35 times
    26 since last reset
  • The average score is 9 of 20
Answer Stats
B/T % State (or D.C.) County % Correct
Biden 92.15 D.C. District of Columbia
100%
Biden 86.74 New York New York
71%
Biden 89.26 Maryland Prince George's
67%
Biden 85.26 California San Francisco
67%
Biden 87.75 Virginia Petersburg
58%
Biden 95.83 Hawaii Kalawao
54%
Trump 94.97 Texas King
54%
Biden 87.28 Maryland Baltimore (city)
50%
Biden 88.41 South Dakota Oglala Lakota
50%
Biden 85.5 Virginia Charlottesville
46%
Trump 94 Montana Garfield
46%
Biden 85.13 Mississippi Jefferson
46%
Trump 96.18 Texas Roberts
46%
Trump 95.43 Texas Borden
29%
Trump 93.28 Nebraska Grant
25%
Trump 93.08 Texas Armstrong
21%
Trump 93.57 Texas Glasscock
21%
Trump 93.33 Kansas Wallace
21%
Trump 92.64 Texas Motley
17%
Trump 92.38 Texas Wheeler
17%
No matching quizzes found
Score Distribution
Percent of People with Each Score
Percentile by Number Answered
Your Score History
You have not taken this quiz since the last reset